Statistics for Car Models 2014: Ford

Click here to take the quiz!

General Stats

  • This quiz has been taken 474 times
  • The average score is 8 of 17

Answer Stats

HintAnswer% Correct
CompactFocus
89%
SubcompactFiesta
80%
Mid Sized SedanFusion
78%
SportMustang
78%
Mid Sized SUVExplorer
74%
Small SUVEscape
65%
Large SUVExpedition
62%
Full Sized SedanTaurus
60%
PickupF Series
53%
Mid Sized SUVEdge
50%
Large SUVFlex
34%
Hybrid WagonC Max
30%
Full Size VanE Series
28%
Mid Sized Hybrid SedanFusion Hybrid
24%
Van/WagonTransit Connect
18%
Electric CompactFocus Electric
14%
CompactFocus ST
11%

Score Distribution

Percentile by Number Answered

Percent of People with Each Score

Your Score History

You have not taken this quiz